1011 1130 1165 1572 1619 1322 1209 1463 1183 1417 1943 1344 1101 1817 1340 1050 1514 1612 1681 1492 1631 1936 1232 1343 1531 1266 1213 1123 1434 1287 1616 1126 1518 1811 1923 1498 1116 1394 1831 1764 1497 1835 1640 1024 1899 1849 1648 1645 1713 1364 1757 1188 1294 1221 1320 1486 1014 1528 1279 1729 1863 1692 1553 1677 1791 1901 1903 1420 1673 1322 1626 1810 1129 1294 1890 1586 1600 1263 1613 1418 1981 1952 1409 1081 1012 1073 1213 1277 1221 1752 1595 1862 1615 1348 1064 1632 1085 1930 1956 BCNSPRNW ULIB Ver.6.0+V

เปลี่ยนเป็นภาษาไทย

Change to English
 แสดงรายละเอียดบรรณานุกรม
  กลับหน้าหลัก

Brief Record : Get Marc (ISO 2709) : E-mail record : QR code < ปิดหน้าต่าง
LEADER : 00000nam 2200000uu 4500
001    13399123375
003     ULIB
008    140901s2536||||th 000 0 tha d
099    วพ WY18^bอ334ป
100 0  อรพิน แสงสว่าง
245 00 ปัจจัยบางประการที่สัมพันธ์กับเจตคติต่อวิชาชีพการพยาบาลของนักศึกษาพยาบาลในวิทยาลัยพยาบาล สังกัดกองงาน กระทรวงสาธารณสุข/^cอรพิน แสงสว่าง
260    พิษณุโลก :^b,มหาวิทยาลัยนเรศวร,^c 2536
300    80 หน้า
502    วิทยานิพนธ์ (ศษ.ม.)วิชาเอกการบริการหารศึกษา, มหาวิทยาลัยนเรศวร, 2536
650  0 วิชาชีพการพยาบาล
650  0 เจตคติ
945    ^p0^l0^i019389
999    ^aเกษร โพธิ์สุวรรณ
รายการนี้ยังไม่มีแท็ก
คุณยังไม่ได้ล็อกอิน คุณสามารถมีกิจกรรมร่วมกับเว็บไซต์ได้ แต่ต้องล็อกอินก่อน ::
  ล็อกอิน

รายการสื่อสารสนเทศ

ลำดับที่ ประเภท เลขเรียก/บาร์โค้ด สถานที่ สถานะ
1. วิทยานิพนธ์
วิทยานิพนธ์
วพ WY18 อ334ป ฉ.1 
  Barcode: 019389
ห้องสมุดวิทยาเขตสวรรค์ประชารักษ์
► วิทยานิพนธ์
บนชั้น

รายการใกล้เคียง
    หัวเรื่อง [วิชาชีพการพยาบาล]
    หัวเรื่อง [เจตคติ]

BibComment


ยังไม่เคยถูกคอมเมนท์

คอมเมนท์ทรัพยากรรายการนี้
  คอมเมนท์: ปัจจัยบางประการที..


 Copyright 2026. Bcnsprnw @Library